| 000 | 00706nam a22002177a 4500 | ||
|---|---|---|---|
| 005 | 20170322155803.0 | ||
| 010 | _aENG-117568 | ||
| 020 |
_a8121941008 _c495.00 |
||
| 035 | _aEN-101100 | ||
| 037 | _bDBAD/PUB | ||
| 082 | _a003 | ||
| 100 | _aGupta,Prem Kumar | ||
| 245 |
_aIntroduction to operations research : _cby Prem Kumar Gupta,D.S.Hira [and] Aarti Kamboj _bfor students to commerce,management,accountancy economics / |
||
| 260 |
_aNew Delhi _bS.Chand and Company _c2012 |
||
| 270 |
_a7361,Ram Nagar _bNew Delhi _e110055 |
||
| 300 |
_axii,1195p. : _c25cm(pbk) _bill |
||
| 500 | _aIncludes index | ||
| 700 | _aD.S.Hira | ||
| 700 | _aKamboj, Aarti | ||
| 942 |
_2ddc _cEN _h003 _mGUP |
||
| 999 |
_c138422 _d138422 |
||